[Event "FRA-chT2 0910"]
[Site "France"]
[Date "2009.12.13"]
[Round "6.5"]
[White "Rodriguez, Angel"]
[Black "Pellegrin, Philippe"]
[Result "0-1"]
[WhiteElo "2096"]
[BlackElo "2013"]
[PlyCount "108"]
[EventDate "2009.09.27"]
[EventType "team-tourn"]
[EventRounds "11"]
[EventCountry "FRA"]
[SourceTitle "EXT 2011"]
[Source "ChessBase"]
[SourceDate "2010.11.26"]
[SourceVersion "1"]
[SourceVersionDate "2010.11.26"]
[SourceQuality "1"]

1. f4 Nf6 2. Nf3 g6 3. d3 Bg7 4. e4 d6 5. Be2 c5 6. 0-0 0-0 7. c3 Nc6 8. Qe1 Qc7 9. Qh4 a6 10. f5 Ne5 11. Nxe5 dxe5 12. g4 c4 13. g5 cxd3 14. Bxd3 Nh5 15. Na3 b5 16. Nc2 Nf4 17. Bxf4 exf4 18. Rxf4 Bb7 19. f6 exf6 20. gxf6 Bh8 21. Raf1 Rfe8 22. Nd4 Rad8 23. Qh6 Rd6 24. Qg5 Qb6 25. R1f2 b4 26. e5 Qc5 27. cxb4 Qxe5 28. Qxe5 Rxe5 29. Re2 Rxe2 30. Bxe2 Bxf6 31. Nb3 Bxb2 32. Nc5 Rd4 33. Rxd4 Bxd4+ 34. Kf1 Bxc5 35. bxc5 a5 36. Bb5 Kf8 37. Ke2 Ke7 38. Kd3 f5 39. Kd4 g5 40. Ke5 Bc8 41. Bd3 f4 42. Bxh7 f3 43. Be4 f2 44. Bg2 Ba6 45. Kd5 f1Q 46. Bxf1 Bxf1 47. Kc6 Ke6 48. a4 Bg2+ 49. Kb6 Kd5 50. c6 Kd6 51. c7 Kd7 52. Kxa5 Kxc7 53. Kb4 Kd6 54. Kc4 Ke5 0-1

[Event "FRA-chT2 0910"]
[Site "France"]
[Date "2009.10.04"]
[Round "1.4"]
[White "Ollier, Milan"]
[Black "Pellegrin, Philippe"]
[Result "1-0"]
[WhiteElo "2089"]
[BlackElo "2020"]
[PlyCount "45"]
[EventDate "2009.09.27"]
[EventType "team-tourn"]
[EventRounds "11"]
[EventCountry "FRA"]
[SourceTitle "EXT 2011"]
[Source "ChessBase"]
[SourceDate "2010.11.26"]
[SourceVersion "1"]
[SourceVersionDate "2010.11.26"]
[SourceQuality "1"]

1. e4 c5 2. Nf3 d6 3. Bb5+ Bd7 4. Bxd7+ Qxd7 5. c4 Nf6 6. Nc3 Nc6 7. d4 cxd4 8. Nxd4 e6 9. 0-0 Be7 10. b3 a6 11. a4 Qc7 12. Kh1 0-0 13. Be3 Rad8 14. Rc1 Qb8 15. Qf3 Nd7 16. Rfd1 Nc5 17. Rb1 a5 18. Ndb5 Ne5 19. Qg3 Nc6 20. Bf4 Ne5 21. Nxd6 Ncd3 22. Rxd3 Nxd3 23. Ne8 1-0